Uplatňovanie outsourcingu vo vybranom podniku bakalárska práca

Saved in:
Bibliographic Details
Main Author: Pišný, Patrik
Corporate Author: Fakulta podnikového manažmentu EU. Katedra manažmentu
Other Authors: Záležáková, Eliška
Format: Book
Language:Slovak
Published: Bratislava 2017
Tags: Add Tag
No Tags, Be the first to tag this record!

MARC

LEADER 00000nbm a2200000 4500
001 0232443
005 20171215125517.3
041 0 |a slo 
044 |a SK 
245 1 0 |a Uplatňovanie outsourcingu vo vybranom podniku  |b bakalárska práca  |c Patrik Pišný ; školiteľ: Eliška Záležáková 
264 1 |a Bratislava  |c 2017 
300 |a 50 s. 
100 1 |a Pišný, Patrik 
700 1 |a Záležáková, Eliška 
710 2 |a Fakulta podnikového manažmentu EU. Katedra manažmentu